[Event "American Continental 15th"]
[Site "Sao Paulo"]
[Date "2019.07.12"]
[Round "10"]
[White "Souza, Wellington"]
[Black "De Arruda Filho, Nivaldo Jesus"]
[Result "1/2-1/2"]
[WhiteElo "2097"]
[BlackElo "2045"]
[PlyCount "38"]
[EventDate "2019.07.05"]
[EventType "swiss"]
[EventRounds "11"]
[EventCountry "BRA"]
[SourceTitle "CBM 191 Extra"]
[Source "ChessBase"]
[SourceDate "2019.09.30"]
[SourceVersion "1"]
[SourceVersionDate "2019.09.30"]
[SourceQuality "1"]

1. d4 Nf6 2. Nf3 g6 3. g3 Bg7 4. Bg2 0-0 5. 0-0 d5 6. Nbd2 c5 7. dxc5 Na6 8. Nb3 Ne4 9. c3 Naxc5 10. Be3 b6 11. Bd4 e6 12. Nxc5 bxc5 13. Bxg7 Kxg7 14. Nd2 Nxd2 15. Qxd2 Ba6 16. Rfd1 Rb8 17. b3 Qa5 18. e4 dxe4 19. Bxe4 Rbd8 1/2-1/2

[Event "American Continental 15th"]
[Site "Sao Paulo"]
[Date "2019.07.09"]
[Round "6"]
[White "Souza, Wellington"]
[Black "Moyses Sobrinho, Elias"]
[Result "1-0"]
[WhiteElo "2097"]
[BlackElo "1906"]
[PlyCount "53"]
[EventDate "2019.07.05"]
[EventType "swiss"]
[EventRounds "11"]
[EventCountry "BRA"]
[SourceTitle "CBM 191 Extra"]
[Source "ChessBase"]
[SourceDate "2019.09.30"]
[SourceVersion "1"]
[SourceVersionDate "2019.09.30"]
[SourceQuality "1"]

1. Nf3 d5 2. d4 Nf6 3. c4 c6 4. Nc3 e6 5. e3 Be7 6. Bd3 h6 7. 0-0 0-0 8. b3 Nbd7 9. Bb2 b6 10. Rc1 Bb7 11. cxd5 cxd5 12. Qe2 a6 13. h3 b5 14. Rc2 Qb6 15. Rfc1 Rac8 16. Nd2 Rfe8 17. f4 Bb4 18. g4 Bxc3 19. Rxc3 Rxc3 20. Rxc3 Rc8 21. Rxc8+ Bxc8 22. g5 hxg5 23. fxg5 Nh7 24. Nf3 Qd6 25. Kg2 Qe7 26. Bxh7+ Kxh7 27. Qc2+ 1-0

[Event "American Continental 15th"]
[Site "Sao Paulo"]
[Date "2019.07.06"]
[Round "2"]
[White "Souza, Wellington"]
[Black "Santos, Marcus Vinicius M"]
[Result "0-1"]
[WhiteElo "2097"]
[BlackElo "2354"]
[PlyCount "69"]
[EventDate "2019.07.05"]
[EventType "swiss"]
[EventRounds "11"]
[EventCountry "BRA"]
[SourceTitle "CBM 191 Extra"]
[Source "ChessBase"]
[SourceDate "2019.09.30"]
[SourceVersion "1"]
[SourceVersionDate "2019.09.30"]
[SourceQuality "1"]

1. d4 g6 2. c4 Bg7 3. Nc3 d6 4. Nf3 e5 5. dxe5 dxe5 6. Qxd8+ Kxd8 7. Bg5+ f6 8. Rd1+ Bd7 9. Bc1 Kc8 10. g3 Be6 11. b3 Bf8 12. a3 Nd7 13. h4 c6 14. Bh3 Bxh3 15. Rxh3 h5 16. Ne4 Kc7 17. b4 a5 18. b5 Nc5 19. Nxc5 Bxc5 20. e3 Nh6 21. Ke2 Nf5 22. Nd2 a4 23. Ne4 Be7 24. Rhh1 Rhd8 25. Rxd8 Rxd8 26. bxc6 Kxc6 27. Rd1 Rxd1 28. Kxd1 Nd6 29. Nxd6 Bxd6 30. Kc2 Kc5 31. Kd3 e4+ 32. Kxe4 Kxc4 33. f4 f5+ 34. Kf3 Kd3 35. Bb2 0-1

[Event "American Continental 15th"]
[Site "Sao Paulo"]
[Date "2019.07.05"]
[Round "1"]
[White "Machado, Wesley Henrique"]
[Black "Souza, Wellington"]
[Result "0-1"]
[WhiteElo "1386"]
[BlackElo "2097"]
[PlyCount "48"]
[EventDate "2019.07.05"]
[EventType "swiss"]
[EventRounds "11"]
[EventCountry "BRA"]
[SourceTitle "CBM 191 Extra"]
[Source "ChessBase"]
[SourceDate "2019.09.30"]
[SourceVersion "1"]
[SourceVersionDate "2019.09.30"]
[SourceQuality "1"]

1. e4 c5 2. b3 Nc6 3. Bb2 d6 4. Bb5 e5 5. Nf3 Nf6 6. d3 Be7 7. Nbd2 0-0 8. Bxc6 bxc6 9. Nc4 Be6 10. Nfd2 Nd7 11. 0-0 f5 12. f4 exf4 13. Rxf4 fxe4 14. Rxe4 Bf5 15. Re3 Bf6 16. Bxf6 Qxf6 17. Qf3 Qxa1+ 18. Qf1 Qxf1+ 19. Kxf1 Bxd3+ 20. Ke1 Bxc4 21. Nxc4 d5 22. Nd2 Rae8 23. Rxe8 Rxe8+ 24. Kf2 Ne5 0-1

[Event "Rio de Janeiro Duchamp op 2nd"]
[Site "Rio de Janeiro"]
[Date "2018.11.20"]
[Round "9"]
[White "Lima, Darcy Gustavo Macha"]
[Black "Souza, Wellington"]
[Result "1-0"]
[WhiteElo "2550"]
[BlackElo "2120"]
[PlyCount "95"]
[EventDate "2018.11.14"]
[EventType "swiss"]
[EventRounds "9"]
[EventCountry "BRA"]
[SourceTitle "CBM 187 Extra"]
[Source "ChessBase"]
[SourceDate "2018.11.04"]
[SourceVersion "1"]
[SourceVersionDate "2018.11.04"]
[SourceQuality "1"]

1. e4 c5 2. Nf3 Nc6 3. d4 cxd4 4. Nxd4 g6 5. Be2 Bg7 6. Nb3 a5 7. a4 Nf6 8. Nc3 0-0 9. 0-0 Nb4 10. Bf3 d6 11. Bg5 Nd7 12. Be2 Nf6 13. f4 Be6 14. Nd4 Qb6 15. Kh1 Nxe4 16. Nxe4 Qxd4 17. Qxd4 Bxd4 18. c3 Nc2 19. cxd4 Nxa1 20. Rxa1 f6 21. Bh4 Rac8 22. Nc3 Bc4 23. Bf3 Rc7 24. Nd5 Bxd5 25. Bxd5+ Kg7 26. Be1 b6 27. Bc3 h6 28. Kg1 Re8 29. Be6 Rd8 30. d5 Rc4 31. g3 g5 32. Kf2 gxf4 33. gxf4 Rxf4+ 34. Ke3 Rh4 35. h3 Rb8 36. Bg4 h5 37. Be6 Rc4 38. Kd3 Rf4 39. Bd2 Rf3+ 40. Kc4 h4 41. Bc3 Kg6 42. Rg1+ Rg3 43. Rf1 Rb7 44. Kb5 Rc7 45. Kxb6 Rc5 46. Rf4 Rg2 47. Rxh4 Kg5 48. Rh7 1-0

[Event "Rio de Janeiro Duchamp op 2nd"]
[Site "Rio de Janeiro"]
[Date "2018.11.14"]
[Round "2"]
[White "Souza, Wellington"]
[Black "Torres, Eduardo Lisboa"]
[Result "0-1"]
[WhiteElo "2120"]
[BlackElo "1864"]
[PlyCount "50"]
[EventDate "2018.11.14"]
[EventType "swiss"]
[EventRounds "9"]
[EventCountry "BRA"]
[SourceTitle "CBM 187 Extra"]
[Source "ChessBase"]
[SourceDate "2018.11.04"]
[SourceVersion "1"]
[SourceVersionDate "2018.11.04"]
[SourceQuality "1"]

1. d4 Nf6 2. c4 e5 3. dxe5 Ng4 4. Nf3 Bc5 5. e3 Nc6 6. Nc3 0-0 7. Be2 Re8 8. 0-0 a5 9. b3 Ncxe5 10. Bb2 Ra6 11. Nxe5 Nxe5 12. Ne4 Ba7 13. c5 Rh6 14. g3 d5 15. cxd6 cxd6 16. Qd5 Qe7 17. Rfd1 Bg4 18. Bxg4 Nxg4 19. Nxd6 Bxe3 20. Nf5 Bxf2+ 21. Kg2 Rxh2+ 22. Kf3 Qe2+ 23. Kf4 Be3+ 24. Nxe3 Rf2+ 25. Kg5 h6+ 0-1

[Event "Rio de Janeiro Estadual-ch"]
[Site "Rio de Janeiro"]
[Date "2018.09.29"]
[Round "5"]
[White "Souza, Wellington"]
[Black "Romano, Alexandre Pinto"]
[Result "1-0"]
[WhiteElo "2138"]
[BlackElo "2065"]
[PlyCount "80"]
[EventDate "2018.09.22"]
[EventType "swiss"]
[EventRounds "6"]
[EventCountry "BRA"]
[SourceTitle "EXT 2020"]
[Source "ChessBase"]
[SourceDate "2019.10.17"]
[SourceVersion "1"]
[SourceVersionDate "2019.10.17"]
[SourceQuality "1"]

1. d4 b6 2. c4 Bb7 3. d5 g6 4. Nc3 Bg7 5. Nf3 Nf6 6. Bg5 0-0 7. Qd2 Re8 8. h4 h5 9. g3 c6 10. Bg2 cxd5 11. cxd5 d6 12. 0-0 Nbd7 13. Rac1 Nc5 14. Nd4 a6 15. b4 Ncd7 16. Nc6 Bxc6 17. dxc6 Ne5 18. Bxf6 exf6 19. c7 Qxc7 20. Bxa8 Rxa8 21. Nd5 Qd8 22. Rc7 b5 23. Rfc1 Nc4 24. Qf4 f5 25. Qf3 Ne5 26. Qg2 Nc4 27. e4 fxe4 28. Qxe4 Be5 29. Qf3 Qe8 30. Re1 Qf8 31. g4 hxg4 32. Qxg4 Qh6 33. f4 Bd4+ 34. Kg2 Rf8 35. f5 Qd2+ 36. Re2 Qd3 37. fxg6 fxg6 38. Ne7+ Kh8 39. Nxg6+ Qxg6 40. Qxg6 Rg8 1-0

[Event "Florianopolis op 4th"]
[Site "Florianopolis"]
[Date "2018.01.23"]
[Round "7"]
[White "Souza, Wellington"]
[Black "Lemos, Paulo Renato Bueno"]
[Result "1/2-1/2"]
[WhiteElo "2191"]
[BlackElo "1880"]
[PlyCount "50"]
[EventDate "2018.01.19"]
[EventType "swiss"]
[EventRounds "10"]
[EventCountry "BRA"]
[SourceTitle "EXT 2019"]
[Source "ChessBase"]
[SourceDate "2018.10.10"]
[SourceVersion "1"]
[SourceVersionDate "2018.10.10"]
[SourceQuality "1"]

1. d4 e6 2. e4 d5 3. Bd3 dxe4 4. Bxe4 Nf6 5. Bd3 c5 6. Nf3 cxd4 7. 0-0 Bc5 8. c3 dxc3 9. Nxc3 0-0 10. Qc2 Nbd7 11. Bg5 Be7 12. Rfd1 h6 13. Bh4 a6 14. Rac1 Kh8 15. Bc4 b5 16. Bxf6 Bxf6 17. Qe4 Rb8 18. Bd3 g6 19. Qf4 Bg5 20. Nxg5 Qxg5 21. Qxg5 hxg5 22. Ne4 Kg7 23. Nxg5 Nf6 24. Rc7 Nd5 25. Rc5 Bb7 1/2-1/2

[Event "Florianopolis op 4th"]
[Site "Florianopolis"]
[Date "2018.01.20"]
[Round "2"]
[White "Marques, Andre Rezende"]
[Black "Souza, Wellington"]
[Result "1/2-1/2"]
[WhiteElo "1933"]
[BlackElo "2191"]
[PlyCount "46"]
[EventDate "2018.01.19"]
[EventType "swiss"]
[EventRounds "10"]
[EventCountry "BRA"]
[SourceTitle "CBM 182 Extra"]
[Source "ChessBase"]
[SourceDate "2018.02.23"]
[SourceVersion "1"]
[SourceVersionDate "2018.02.23"]
[SourceQuality "1"]

1. d4 Nf6 2. Bf4 e6 3. e3 d5 4. Nd2 Bd6 5. Bg3 b6 6. c3 Bb7 7. Ngf3 0-0 8. Be2 Nbd7 9. Qc2 Qe7 10. Ne5 c5 11. 0-0 Rac8 12. Qa4 Bb8 13. Ndf3 Nxe5 14. Bxe5 Bc6 15. Qd1 Nd7 16. Bxb8 Rxb8 17. a4 Rfd8 18. Bb5 Rbc8 19. Qe2 e5 20. Nxe5 Nxe5 21. dxe5 Qxe5 22. Bxc6 Rxc6 23. Rfd1 Rcd6 1/2-1/2

[Event "Rio de Janeiro Duchamp op"]
[Site "Rio de Janeiro"]
[Date "2017.11.17"]
[Round "8"]
[White "Souza, Wellington"]
[Black "Nascimento, Pedro Henrique Alve"]
[Result "1-0"]
[WhiteElo "2220"]
[BlackElo "1971"]
[PlyCount "107"]
[EventDate "2017.11.11"]
[EventType "swiss"]
[EventRounds "9"]
[EventCountry "BRA"]
[SourceTitle "CBM 181 Extra"]
[Source "ChessBase"]
[SourceDate "2017.12.12"]
[SourceVersion "1"]
[SourceVersionDate "2017.12.12"]
[SourceQuality "1"]

1. d4 e6 2. c4 Nf6 3. Nc3 Bb4 4. e3 b6 5. Nge2 0-0 6. a3 Bxc3+ 7. Nxc3 d5 8. Be2 Ba6 9. cxd5 Bxe2 10. Qxe2 exd5 11. 0-0 Re8 12. b4 a5 13. b5 c6 14. Rb1 Re6 15. a4 cxb5 16. Rxb5 Nc6 17. Qf3 Rb8 18. Nxd5 Na7 19. Nxf6+ Rxf6 20. Rf5 Rxf5 21. Qxf5 b5 22. Qc5 Qb6 23. Qxb6 Rxb6 24. Bd2 b4 25. Rc1 h6 26. d5 Rb8 27. e4 Rc8 28. d6 Rxc1+ 29. Bxc1 Kf8 30. Kf1 Ke8 31. Ke2 Nc8 32. Kd3 Nxd6 33. Kd4 f6 34. f3 Kd7 35. Kc5 Ke6 36. Kb6 b3 37. Kxa5 b2 38. Bxb2 Nc4+ 39. Kb5 Nxb2 40. a5 Kd7 41. a6 Kc7 42. a7 Kb7 43. Kc5 Nd3+ 44. Kd6 Kxa7 45. Ke7 Ne5 46. Kf8 Kb7 47. Kxg7 Nd7 48. Kxh6 Kc6 49. Kg6 Kd6 50. h4 Ke6 51. h5 Ne5+ 52. Kg7 f5 53. exf5+ Kxf5 54. h6 1-0

[Event "Rio de Janeiro Duchamp op"]
[Site "Rio de Janeiro"]
[Date "2017.11.15"]
[Round "6"]
[White "Souza, Wellington"]
[Black "Lima, Darcy Gustavo Macha"]
[Result "0-1"]
[WhiteElo "2220"]
[BlackElo "2546"]
[PlyCount "82"]
[EventDate "2017.11.11"]
[EventType "swiss"]
[EventRounds "9"]
[EventCountry "BRA"]
[SourceTitle "CBM 181 Extra"]
[Source "ChessBase"]
[SourceDate "2017.12.12"]
[SourceVersion "1"]
[SourceVersionDate "2017.12.12"]
[SourceQuality "1"]

1. d4 Nf6 2. c4 g6 3. Nc3 Bg7 4. e4 d6 5. Nf3 0-0 6. Be2 c5 7. 0-0 Nc6 8. d5 Na5 9. h3 e5 10. Be3 Ne8 11. Nh2 f5 12. f4 exf4 13. Bxf4 g5 14. Bc1 f4 15. Qd3 Nf6 16. g4 Nd7 17. Nf3 a6 18. b3 b5 19. Bb2 bxc4 20. bxc4 Rb8 21. Qc2 Rb4 22. Nd1 Bxb2 23. Nxb2 Qf6 24. Rab1 Ne5 25. Qc3 Nxf3+ 26. Rxf3 Qxc3 27. Rxc3 Bd7 28. Ra3 Rfb8 29. Rxa5 Rxb2 30. Rxb2 Rxb2 31. Kf2 Bc8 32. Ra3 Kf7 33. Rb3 Rxb3 34. axb3 Kf6 35. Bf3 Ke5 36. Ke2 Kd4 37. Kd2 Bd7 38. Bg2 Be8 39. Bf1 Bg6 40. e5 dxe5 41. d6 Be8 0-1

[Event "Capablanca Memorial op 14th"]
[Site "Fortaleza"]
[Date "1999.??.??"]
[Round "4"]
[White "Souza, Wellington"]
[Black "Segal, Alexandru Sorin"]
[Result "0-1"]
[WhiteElo "2220"]
[BlackElo "2330"]
[PlyCount "68"]
[EventDate "1999.11.??"]
[EventType "swiss"]
[EventRounds "7"]
[EventCountry "BRA"]
[SourceTitle "EXT 2001"]
[Source "ChessBase"]
[SourceDate "2000.11.22"]
[SourceVersion "1"]
[SourceVersionDate "2000.11.22"]
[SourceQuality "1"]

1. e4 Nf6 2. e5 Nd5 3. d4 d6 4. c4 Nb6 5. Nf3 g6 6. Nc3 Bg7 7. Be3 Bg4 8. Be2 0-0 9. h4 Nc6 10. h5 Bxf3 11. gxf3 dxe5 12. d5 Nd4 13. hxg6 fxg6 14. Ne4 e6 15. Ng5 exd5 16. Nxh7 Rf5 17. f4 Nxe2 18. Qxe2 Qe8 19. Bxb6 axb6 20. Kf1 exf4 21. Qg4 Qe4 22. Kg1 Re5 23. Ng5 Qf5 24. Qxf5 Rxf5 25. Ne6 dxc4 26. Rd1 Bxb2 27. Rd7 Rf7 28. Rxf7 Kxf7 29. Nxf4 Rxa2 30. Rh7+ Bg7 31. Nd5 c6 32. Nxb6 c3 33. Nd7 c2 34. Ne5+ Kg8 0-1

[Event "Brazil op"]
[Site "Pouso Alegre"]
[Date "1997.10.04"]
[Round "5"]
[White "Dumont, Sadi Glasser"]
[Black "Souza, Wellington"]
[Result "0-1"]
[WhiteElo "2305"]
[BlackElo "2265"]
[PlyCount "58"]
[EventDate "1997.10.02"]
[EventType "swiss"]
[EventRounds "7"]
[EventCountry "BRA"]
[SourceTitle "CBM 060 Extra"]
[Source "ChessBase"]
[SourceDate "1997.11.04"]
[SourceVersion "1"]
[SourceVersionDate "1997.11.04"]
[SourceQuality "1"]

1. e4 c5 2. Nc3 Nc6 3. f4 d6 4. Nf3 g6 5. Bc4 Bg7 6. 0-0 e6 7. d3 Nge7 8. Qe1 0-0 9. Qh4 d5 10. Bb3 Nd4 11. f5 exf5 12. Nxd4 Bxd4+ 13. Kh1 Be6 14. Bg5 f6 15. Bh6 Rf7 16. exd5 Bxd5 17. Nxd5 Nxd5 18. c3 Be5 19. Rae1 Rc8 20. g4 g5 21. Qh5 b5 22. Bxg5 c4 23. dxc4 bxc4 24. Bc2 fxg5 25. Rxf5 Bf6 26. Rd1 Rc5 27. h4 Rd7 28. hxg5 Ne3 29. Rxd7 Qxd7 0-1

[Event "Rio de Janeiro-ch 21st"]
[Site "Rio de Janeiro"]
[Date "1996.11.24"]
[Round "7"]
[White "Chaves, Jorge Antonio Torre"]
[Black "Souza, Wellington"]
[Result "0-1"]
[WhiteElo "2208"]
[BlackElo "2157"]
[PlyCount "58"]
[EventDate "1996.11.16"]
[EventType "swiss"]
[EventRounds "7"]
[EventCountry "BRA"]
[SourceTitle "EXT 2006"]
[Source "ChessBase"]
[SourceDate "2005.11.24"]
[SourceVersion "1"]
[SourceVersionDate "2005.11.24"]
[SourceQuality "1"]

1. e4 c5 2. f4 Nc6 3. Nf3 d6 4. c3 e5 5. Bb5 Bg4 6. 0-0 Qb6 7. Na3 Nf6 8. fxe5 c4+ 9. Kh1 Nxe4 10. Qe1 d5 11. Nd4 Bxa3 12. bxa3 0-0 13. Bxc6 bxc6 14. Qh4 c5 15. Nf5 Bxf5 16. Rxf5 Qg6 17. Rh5 Rab8 18. g4 Qxg4 19. Qxg4 Nf2+ 20. Kg2 Nxg4 21. Rg5 f5 22. exf6 Nxf6 23. a4 Rbd8 24. Rb1 Ne4 25. Re5 Rd6 26. d3 Rg6+ 27. Kh3 Nf2+ 28. Kh4 Rg4+ 29. Kh5 g6+ 0-1

[Event "Rio de Janeiro Clube Naval op 3rd"]
[Site "Rio de Janeiro"]
[Date "1996.02.07"]
[Round "4"]
[White "Ferreira, Oscar Vieira"]
[Black "Souza, Wellington"]
[Result "0-1"]
[WhiteElo "2165"]
[BlackElo "2285"]
[PlyCount "88"]
[EventDate "1996.02.04"]
[EventType "swiss"]
[EventRounds "7"]
[EventCountry "BRA"]
[SourceTitle "EXT 2007"]
[Source "ChessBase"]
[SourceDate "2006.11.23"]
[SourceVersion "1"]
[SourceVersionDate "2006.11.23"]
[SourceQuality "1"]

1. e4 c5 2. Nc3 Nc6 3. g3 g6 4. Bg2 Bg7 5. d3 d6 6. Be3 Nf6 7. h3 Bd7 8. Qd2 Rb8 9. Nge2 b5 10. 0-0 Ne5 11. f4 b4 12. fxe5 bxc3 13. bxc3 dxe5 14. Bxc5 Qc8 15. Bxa7 Ra8 16. Be3 Bxh3 17. Bh6 Bxg2 18. Kxg2 0-0 19. Rh1 Qg4 20. Bxg7 Kxg7 21. Rh4 Qe6 22. Qh6+ Kh8 23. c4 Rfb8 24. Nc3 Nh5 25. g4 Qf6 26. Rh2 Nf4+ 27. Kh1 Qg7 28. Qxg7+ Kxg7 29. a4 Rb4 30. a5 Rb2 31. Nb5 Rxa5 32. Rxh7+ Kxh7 33. Rxa5 Rxc2 34. Ra7 Nxd3 35. Rxe7 Kh6 36. Rxf7 Kg5 37. Nd6 Kxg4 38. Kg1 Nf4 39. Kf1 Kf3 40. Kg1 Kg3 41. Nf5+ gxf5 42. Rg7+ Kf3 43. exf5 Rxc4 44. f6 Ne2+ 0-1

[Event "Rio de Janeiro-ch 20th"]
[Site "Rio de Janeiro"]
[Date "1996.01.19"]
[Round "7"]
[White "Campos, Wellington"]
[Black "Souza, Wellington"]
[Result "1-0"]
[WhiteElo "1950"]
[BlackElo "2250"]
[PlyCount "99"]
[EventDate "1996.01.13"]
[EventType "swiss"]
[EventRounds "7"]
[EventCountry "BRA"]
[SourceTitle "EXT 2006"]
[Source "ChessBase"]
[SourceDate "2005.11.24"]
[SourceVersion "1"]
[SourceVersionDate "2005.11.24"]
[SourceQuality "1"]

1. d4 Nf6 2. c4 e6 3. Nc3 Bb4 4. e3 0-0 5. Bd3 c5 6. a3 cxd4 7. axb4 dxc3 8. bxc3 d5 9. cxd5 Qxd5 10. Nf3 Nc6 11. 0-0 b5 12. Qe2 Bb7 13. Rd1 Qh5 14. Bxb5 Ne4 15. Bb2 Rad8 16. Nd4 Qxe2 17. Bxe2 Nxd4 18. cxd4 Ra8 19. f3 Nd6 20. Rdc1 Rfc8 21. Rc5 a6 22. Rac1 h6 23. Bd3 Kf8 24. Kf2 g6 25. Rc7 Ke8 26. e4 Kd8 27. R7c5 Kd7 28. Ke3 Bc6 29. g4 Bb5 30. e5 Bxd3 31. Kxd3 Nb5 32. d5 exd5 33. Rxd5+ Ke6 34. Rdc5 Rxc5 35. Rxc5 Kd7 36. f4 Rc8 37. Rxc8 Kxc8 38. Ke4 Kd7 39. f5 Nc7 40. Bc1 h5 41. gxh5 gxh5 42. Bd2 Ke7 43. Bc3 Kd7 44. Bd4 Kc6 45. Bc5 a5 46. e6 f6 47. Bd4 Ne8 48. bxa5 Nd6+ 49. Kf4 Ne8 50. a6 1-0

[Event "Rio de Janeiro-ch 20th"]
[Site "Rio de Janeiro"]
[Date "1996.01.17"]
[Round "5"]
[White "Souza, Wellington"]
[Black "Lemos, Jorge Joao"]
[Result "0-1"]
[WhiteElo "2250"]
[BlackElo "2000"]
[PlyCount "96"]
[EventDate "1996.01.13"]
[EventType "swiss"]
[EventRounds "7"]
[EventCountry "BRA"]
[SourceTitle "EXT 2006"]
[Source "ChessBase"]
[SourceDate "2005.11.24"]
[SourceVersion "1"]
[SourceVersionDate "2005.11.24"]
[SourceQuality "1"]

1. c4 f5 2. d3 Nf6 3. Nc3 b6 4. e4 fxe4 5. dxe4 Nc6 6. Nf3 e5 7. Bg5 Bb4 8. Be2 0-0 9. 0-0 Bxc3 10. bxc3 Qe8 11. c5 Kh8 12. Bxf6 Rxf6 13. cxb6 axb6 14. Ng5 Bb7 15. Bh5 Qe7 16. Qg4 g6 17. Rfd1 Rd8 18. Rd3 gxh5 19. Qxh5 Rg6 20. h4 Rdg8 21. Rad1 d6 22. Rf3 Nd8 23. Rf7 Qxf7 24. Nxf7+ Nxf7 25. f3 Rxg2+ 26. Kh1 R2g3 27. Rd2 R3g6 28. Qf5 Nh6 29. Qd7 Rg3 30. Qxc7 Rh3+ 31. Rh2 Rxf3 32. Rg2 Rxg2 33. Kxg2 Bxe4 34. Kg1 Nf5 35. a4 Ne3 36. Qd8+ Kg7 37. Qe7+ Kg6 38. Qxd6+ Kf5 39. Kh2 Rf2+ 40. Kg3 Rf3+ 41. Kh2 Ng4+ 42. Kg1 Kf4 43. Qd2+ Ne3 44. Kh2 Bf5 45. Qd6 Rf2+ 46. Kg1 Rg2+ 47. Kh1 Be4 48. Qh6+ Rg5+ 0-1

[Event "Rio de Janeiro-ch 20th"]
[Site "Rio de Janeiro"]
[Date "1996.01.16"]
[Round "5"]
[White "Alcantara de Mello, Pedro"]
[Black "Souza, Wellington"]
[Result "1/2-1/2"]
[WhiteElo "1915"]
[BlackElo "2250"]
[PlyCount "137"]
[EventDate "1996.01.13"]
[EventType "swiss"]
[EventRounds "7"]
[EventCountry "BRA"]
[SourceTitle "EXT 2006"]
[Source "ChessBase"]
[SourceDate "2005.11.24"]
[SourceVersion "1"]
[SourceVersionDate "2005.11.24"]
[SourceQuality "1"]

1. Nf3 Nf6 2. g3 d5 3. Bg2 Nbd7 4. 0-0 e5 5. d3 Be7 6. Nbd2 0-0 7. c4 c6 8. Qc2 a5 9. b3 Re8 10. Bb2 Bf8 11. e3 Qb6 12. a3 g6 13. Rac1 Bg7 14. Rfe1 e4 15. dxe4 Nxe4 16. Bxg7 Kxg7 17. Nxe4 dxe4 18. Nd2 f5 19. c5 Qc7 20. f3 exf3 21. Bxf3 Ne5 22. Qc3 Kg8 23. Be2 Be6 24. e4 Rad8 25. exf5 Bxf5 26. Nc4 Nf7 27. Qxa5 Qe7 28. Bf1 Qf6 29. Qc3 Qg5 30. Rcd1 Be6 31. Rxd8 Qxd8 32. b4 Bd5 33. Ne3 Be6 34. Bg2 Qg5 35. Nc4 Qd8 36. Ne3 Qg5 37. Nc2 Qd8 38. Nd4 Bd7 39. Nf3 Rxe1+ 40. Nxe1 Qe7 41. Nc2 Qe2 42. Bf1 Qd1 43. Ne3 Qf3 44. Qd4 Be6 45. a4 Bb3 46. Bc4 Bxc4 47. Nxc4 Qb3 48. Nd6 Qb1+ 49. Kg2 Qc2+ 50. Kf1 Qxh2 51. Qf4 Qh1+ 52. Kf2 Qh2+ 53. Ke3 Qg1+ 54. Kd2 Qg2+ 55. Kc3 Qd5 56. Nxb7 Ne5 57. b5 cxb5 58. axb5 Qxb7 59. Qxe5 Qxb5 60. Qd5+ Kf8 61. Qd6+ Ke8 62. c6 Qa5+ 63. Kd4 Qd2+ 64. Kc5 Qxd6+ 65. Kxd6 Kd8 66. Ke6 Kc7 67. Kf6 Kxc6 68. Kg7 Kd5 69. Kxh7 1/2-1/2

[Event "Rio de Janeiro Clube Naval op 2nd"]
[Site "Rio de Janeiro"]
[Date "1995.02.07"]
[Round "2"]
[White "Cunha, Eduardo Arruda da G"]
[Black "Souza, Wellington"]
[Result "0-1"]
[WhiteElo "2310"]
[BlackElo "2270"]
[PlyCount "52"]
[EventDate "1995.02.06"]
[EventType "swiss"]
[EventRounds "11"]
[EventCountry "BRA"]
[SourceTitle "EXT 2007"]
[Source "ChessBase"]
[SourceDate "2006.11.23"]
[SourceVersion "1"]
[SourceVersionDate "2006.11.23"]
[SourceQuality "1"]

1. e4 c5 2. d4 cxd4 3. c3 dxc3 4. Nxc3 Nc6 5. Bc4 e6 6. Nf3 a6 7. 0-0 b5 8. Bb3 Be7 9. Be3 Nf6 10. Qe2 0-0 11. e5 Ne8 12. Rfd1 Qc7 13. Rac1 f5 14. Nd5 exd5 15. Bxd5+ Kh8 16. e6 Nf6 17. exd7 Bxd7 18. Bxc6 Bxc6 19. Nd4 Ng4 20. g3 Nxe3 21. Qxe3 f4 22. Qe6 fxg3 23. hxg3 Rxf2 24. Kxf2 Rf8+ 25. Nf5 Qb6+ 26. Ke2 Bf3+ 0-1